000 01067cam a2200313 i 4500
001 10808
003 Mx-PuUPA
005 20241119103117.0
008 140415s1989 mx gr 001 0 spa d
020 _a9686229175
040 _aMx-PuUPA
_bspa
_cMx-PuUPA
_dMx-PuUPA
_erda
041 0 _aspa
100 1 _aMeyer, Jean A.,
_d1942-
_97675
_eautor
245 1 0 _aHistoria de los cristianos en América Latina siglos XIX y XX /
_cJean Meyer ; traducción de Tomás Segovia
250 _aPrimera edición
264 1 _aMéxico, D.F. :
_bEditorial Vuelta,
_c1989
300 _a389 páginas ;
_c22 cm
336 _2rdacontent
_atexto
_btxt
337 _2rdamedia
_asin medio
_bn
338 _2rdacarrier
_avolumen
_bnc
490 0 _aVuelta. Reflexión
650 7 _2armarc
_aHistoria de la iglesia (Iberoamerica)
650 7 _2armarc
_aIglesia católicaz
_xAmérica Latina
651 4 _aAmérica Latina
_xHistoria eclesiástica
700 1 _aSegovia, Tomás,
_etraductor
942 _2ddc
_cLI
_h980
_iM62
999 _c10808
_d10808